header

The life we claim (Record no. 146279)

MARC details
000 -LEADER
fixed length control field 01725nam a2200325 a 4500
082 04 - DEWEY DECIMAL CLASSIFICATION NUMBER
Classification number 238/.11
100 1# - MAIN ENTRY--AUTHOR NAME
Personal name Howell, James C.,
245 14 - TITLE STATEMENT
Title The life we claim
260 ## - PUBLICATION, DISTRIBUTION, ETC. (IMPRINT)
Place of publication Nashville :
Name of publisher Abingdon Press,
Year of publication c2005.
300 ## - PHYSICAL DESCRIPTION
Number of Pages xiv, 173 p.
505 0# - FORMATTED CONTENTS NOTE
Formatted contents note Introduction to the Apostles' Creed -- God the Father Almighty -- Maker of heaven and earth -- Jesus Christ, his only Son, our Lord -- Conceived by the Holy Spirit, born of the Virgin Mary -- Suffered under Pontius Pilate -- He descended into hell -- The third day He rose from the dead -- From thence He shall come to judge the quick and the dead -- The Holy Spirit -- The Holy Catholic Church -- The communion of the Saints -- The forgiveness of sins -- The Resurrection of the body and the life everlasting.
856 40 - ELECTRONIC LOCATION AND ACCESS
Uniform Resource Identifier http://site.ebrary.com/lib/rucke/Doc?id=10432013

No items available.

© 2026 Rongo University
Contact us: librarian | system librarian | Rongo university